| 000 | 00661nam a2200181Ia 4500 | ||
|---|---|---|---|
| 008 | 190511s9999 xx 000 0 und d | ||
| 100 | _aFalkowski, Andrzej | ||
| 245 | _aAsymmetry in similarity formation:Extension of similarity theory to open sets of features / | ||
| 245 | _cAndrzej Falkowski, Maria Sidoruk Blach, Zbigniew Bartosiewicz, Justyna M. Olszewska.-- | ||
| 260 | _bUniversity of Illinois Press | ||
| 260 | _c2018 | ||
| 300 | _aPages 151-159, Summer 2018 | ||
| 440 |
_aJournal of Psychology _v131(2) |
||
| 650 | _acommon model | ||
| 650 | _aContast and model | ||
| 650 | _adistinctive and common features | ||
| 650 | _aFeatures of similarity | ||
| 999 |
_c361827 _d361827 |
||